01131njm a2200265Ia 4500001000600000003000900006005001700015008004100032040001300073040001300086041001300099100002300112100001800135100003800153245003200191250001100223260001100234260007000245300001700315300003000332500030200362505007900664650005700743700006500800H0308IT-RoPAU20220918181141.0131025s9999 xx 000 0 und d aIT-RoPAU cIT-RoPAU aITALIANO aSpaccavento Felice eAutore musica gCodice autore musica SPICS: 56334 aVita giocatevela bene! (La) a1a ed. aMILANO bMULTIMEDIA SAN PAOLOc2002 [1a Ed.:2002 - Ed. Lingua Orig.: 2002] aCOMPACT DISC c75 minuti (Testo: 0 pag.) aParlato con musiche di sottofondo. Tonino Bello ai giovani: incontro con gli studenti dell'ultimo anno delle magistrali di Terlizzi. Musiche di sottofondo di Giovanni Paisiello. Delegato alla produzione: Giulio Neroni. Foto copertina: dall'archivio di Famiglia Cristiana. Grafica: Marco Animobono. aDiscorso agli studenti (69:30) - Dammi, Signore, un'ala di riserva (5:30). aRELIGIOSO [COMPACT DISC]eCodice MATERIA SPICS: 9949 aBello ToninoeAutore testogCodice autore testo SPICS: 34738